| 000 | 00431nam a2200157 i 4500 | ||
|---|---|---|---|
| 001 | 47409 | ||
| 003 | ES-MaACL | ||
| 005 | 20230906161545.0 | ||
| 007 | t| | ||
| 008 | 030407s1954 sp ||||1| und d | ||
| 100 | 1 |
_aCorchón García, Justo. _940485 |
|
| 245 | 1 | 0 |
_aVeterrima inter Norbensia / _cJusto Corchón García. |
| 260 |
_aMadrid : _bMaestre, _c1954. |
||
| 300 |
_a11 p. ; _c24 cm. |
||
| 852 |
_aES-MaACL _j1961-F-6 _bR.36073 |
||
| 999 |
_c47409 _d47409 |
||